<?xml version="1.0" encoding="UTF-8"?>
<record
    xmlns:xsi="http://www.w3.org/2001/XMLSchema-instance"
    xsi:schemaLocation="http://www.loc.gov/MARC21/slim http://www.loc.gov/standards/marcxml/schema/MARC21slim.xsd"
    xmlns="http://www.loc.gov/MARC21/slim">

  <leader>00909na  a2200289   4500</leader>
  <controlfield tag="001">14766</controlfield>
  <controlfield tag="003">MIRAKIL</controlfield>
  <controlfield tag="005">20181213155038.0</controlfield>
  <controlfield tag="008">161021b        tu            000 0      </controlfield>
  <datafield tag="035" ind1=" " ind2=" ">
    <subfield code="a">14766</subfield>
  </datafield>
  <datafield tag="040" ind1=" " ind2=" ">
    <subfield code="a">Milas</subfield>
    <subfield code="b">tur</subfield>
    <subfield code="c">TR-AnCHP</subfield>
  </datafield>
  <datafield tag="082" ind1=" " ind2=" ">
    <subfield code="a">CHP 324.2182</subfield>
    <subfield code="b">C36a 2003</subfield>
  </datafield>
  <datafield tag="090" ind1=" " ind2=" ">
    <subfield code="a">CHP 324.2182 C36a 2003</subfield>
  </datafield>
  <datafield tag="110" ind1=" " ind2=" ">
    <subfield code="a">Cumhuriyet Halk Partisi (CHP)</subfield>
  </datafield>
  <datafield tag="245" ind1=" " ind2=" ">
    <subfield code="a">AKP iktidar&#x131;n&#x131;n 100 g&#xFC;n&#xFC;</subfield>
    <subfield code="c">CHP Grup Ba&#x15F;kanl&#x131;&#x11F;&#x131;</subfield>
  </datafield>
  <datafield tag="260" ind1=" " ind2=" ">
    <subfield code="a">Ankara</subfield>
    <subfield code="b">CHP</subfield>
    <subfield code="c">2003</subfield>
  </datafield>
  <datafield tag="300" ind1=" " ind2=" ">
    <subfield code="a">ii, 116 s.</subfield>
    <subfield code="b">tbl., grf.</subfield>
    <subfield code="c">20 sm.</subfield>
  </datafield>
  <datafield tag="490" ind1=" " ind2=" ">
    <subfield code="a">Cumhuriyet Halk Partisi yay&#x131;nlar&#x131;</subfield>
  </datafield>
  <datafield tag="610" ind1=" " ind2=" ">
    <subfield code="a">CHP</subfield>
    <subfield code="x">AKP iktidar&#x131;</subfield>
    <subfield code="y">Ele&#x15F;tiri</subfield>
  </datafield>
  <datafield tag="650" ind1=" " ind2=" ">
    <subfield code="a">Dinci partiler</subfield>
    <subfield code="x">AKP</subfield>
    <subfield code="y">Siyaset ve y&#xF6;netim</subfield>
  </datafield>
  <datafield tag="651" ind1=" " ind2=" ">
    <subfield code="a">T&#xFC;rkiye</subfield>
    <subfield code="x">Siyaset ve y&#xF6;netim</subfield>
    <subfield code="y">2002-</subfield>
  </datafield>
  <datafield tag="710" ind1=" " ind2=" ">
    <subfield code="a">Cumhuriyet Halk Partisi </subfield>
  </datafield>
  <datafield tag="710" ind1=" " ind2=" ">
    <subfield code="a">Adalet ve Kak&#x131;nma Partisi (AKP)</subfield>
  </datafield>
  <datafield tag="740" ind1=" " ind2=" ">
    <subfield code="a">AKP iktidar&#x131;n&#x131;n y&#xFC;z g&#xFC;n&#xFC;</subfield>
  </datafield>
  <datafield tag="830" ind1=" " ind2=" ">
    <subfield code="a">CHP yay&#x131;nlar&#x131;</subfield>
  </datafield>
  <datafield tag="942" ind1=" " ind2=" ">
    <subfield code="2">ddc</subfield>
    <subfield code="c">BKS</subfield>
  </datafield>
  <datafield tag="952" ind1=" " ind2=" ">
    <subfield code="a">0001</subfield>
    <subfield code="b">0001</subfield>
    <subfield code="d">2016-08-31</subfield>
    <subfield code="e">2</subfield>
    <subfield code="l">0</subfield>
    <subfield code="o">CHP 324.2182 C36a 2003</subfield>
    <subfield code="p">003126</subfield>
    <subfield code="r">2016-08-31 00:00:00</subfield>
    <subfield code="v">0.00</subfield>
    <subfield code="w">2016-08-31</subfield>
    <subfield code="y">BKS</subfield>
  </datafield>
  <datafield tag="952" ind1=" " ind2=" ">
    <subfield code="a">0001</subfield>
    <subfield code="b">0001</subfield>
    <subfield code="d">2016-08-31</subfield>
    <subfield code="e">2</subfield>
    <subfield code="l">0</subfield>
    <subfield code="o">CHP 324.2182 C36a 2003</subfield>
    <subfield code="p">003127</subfield>
    <subfield code="r">2016-08-31 00:00:00</subfield>
    <subfield code="t">k.2</subfield>
    <subfield code="v">0.00</subfield>
    <subfield code="w">2016-08-31</subfield>
    <subfield code="y">BKS</subfield>
  </datafield>
  <datafield tag="952" ind1=" " ind2=" ">
    <subfield code="a">0001</subfield>
    <subfield code="b">0001</subfield>
    <subfield code="d">2016-08-31</subfield>
    <subfield code="e">2</subfield>
    <subfield code="l">1</subfield>
    <subfield code="o">CHP 324.2182 C36a 2003</subfield>
    <subfield code="p">003128</subfield>
    <subfield code="q">2024-04-04</subfield>
    <subfield code="r">2024-03-14 00:00:00</subfield>
    <subfield code="s">2024-03-14</subfield>
    <subfield code="t">k.3</subfield>
    <subfield code="v">0.00</subfield>
    <subfield code="w">2016-08-31</subfield>
    <subfield code="y">BKS</subfield>
  </datafield>
  <datafield tag="952" ind1=" " ind2=" ">
    <subfield code="a">0001</subfield>
    <subfield code="b">0001</subfield>
    <subfield code="d">2016-10-21</subfield>
    <subfield code="e">2</subfield>
    <subfield code="l">0</subfield>
    <subfield code="o">CHP 324.2182 C36a 2003</subfield>
    <subfield code="p">007502</subfield>
    <subfield code="r">2016-10-21 00:00:00</subfield>
    <subfield code="t">k.4</subfield>
    <subfield code="v">0.00</subfield>
    <subfield code="w">2016-10-21</subfield>
    <subfield code="y">BKS</subfield>
  </datafield>
  <datafield tag="952" ind1=" " ind2=" ">
    <subfield code="a">0001</subfield>
    <subfield code="b">0001</subfield>
    <subfield code="d">2016-10-21</subfield>
    <subfield code="e">2</subfield>
    <subfield code="l">0</subfield>
    <subfield code="o">CHP 324.2182 C36a 2003</subfield>
    <subfield code="p">007503</subfield>
    <subfield code="r">2016-10-21 00:00:00</subfield>
    <subfield code="t">k.5</subfield>
    <subfield code="v">0.00</subfield>
    <subfield code="w">2016-10-21</subfield>
    <subfield code="y">BKS</subfield>
  </datafield>
  <datafield tag="952" ind1=" " ind2=" ">
    <subfield code="a">0001</subfield>
    <subfield code="b">0001</subfield>
    <subfield code="d">2016-10-21</subfield>
    <subfield code="e">2</subfield>
    <subfield code="l">0</subfield>
    <subfield code="o">CHP 324.2182 C36a 2003</subfield>
    <subfield code="p">007504</subfield>
    <subfield code="r">2016-10-21 00:00:00</subfield>
    <subfield code="t">k.6</subfield>
    <subfield code="v">0.00</subfield>
    <subfield code="w">2016-10-21</subfield>
    <subfield code="y">BKS</subfield>
  </datafield>
  <datafield tag="999" ind1=" " ind2=" ">
    <subfield code="c">5494</subfield>
    <subfield code="d">5494</subfield>
  </datafield>
</record>
